| 000 | 00804nam a2200241 a 4500 | ||
|---|---|---|---|
| 999 |
_c10888 _d10888 |
||
| 001 | 10888 | ||
| 003 | BD-JhCC | ||
| 005 | 20220519134021.0 | ||
| 008 | 190526b20192017bd ||||| a||| 00| 0 ben d | ||
| 020 | _a9879848794586 | ||
| 035 | _a(BD-JhCC)10888 | ||
| 040 |
_aBD-JhCC _dBD-JhCC |
||
| 041 | _aben | ||
| 082 |
_bBIP 2019 _a510.76 |
||
| 100 | _aবিপ্লব, মোস্তফা কামাল | ||
| 245 |
_aবাংলাদেশ গণিত অলিম্পয়াড : _bপ্রাইমারি / _cমোস্তফা কামাল বিপ্লব |
||
| 260 |
_aঢাকা, _bপ্রতীক; _c2019. |
||
| 300 |
_a279 p. : _bIncluded _c21 cm. |
||
| 650 | _aMathematics | ||
| 650 | _aInternational Mathematics Olympiad | ||
| 942 |
_2ddc _cBK _03 |
||